1062 1897 1660 1077 1098 1174 1444 1873 1597 1587 1046 1937 1745 1135 1951 1863 1141 1324 1478 1930 1268 1869 1084 1174 1628 1584 1624 1276 1281 1385 1233 1245 1006 1176 1972 1060 1209 1953 1671 1976 1888 1975 1080 1881 1662 1593 1513 1269 1407 1003 1551 1618 1993 1055 1698 1963 1590 1097 1187 1031 1244 1745 1462 1277 1459 1247 1344 1771 1436 1001 1857 1720 1901 1116 1796 1939 1772 1798 1697 1102 1356 1166 1215 1038 1763 1786 1002 1065 1323 1993 1329 1159 1613 1335 1032 1465 1788 1089 1568 BCNSPRNW ULIB Ver.6.0+V

เปลี่ยนเป็นภาษาไทย

Change to English
 แสดงรายละเอียดบรรณานุกรม
  กลับหน้าหลัก

Brief Record : Get Marc (ISO 2709) : E-mail record : QR code < ปิดหน้าต่าง
LEADER : 00000nam a2200000 a 4500
001    13399128709
003     ULIB
008    240430s2566 th a 000 0 tha d
020    ^a9789740342380
040    ^anss
060 04 ^aWY159^bจ337ก
100 0  ^aจารุวรรณ สนองญาติ
245 10 ^aการพยาบาลเด็กโรคมะเร็งที่พบบ่อย /^cจารุวรรณ สนองญาติ
250    ^aพิมพ์ครั้งที่ 1
260    ^aกรุงเทพฯ :^bสำนักพิมพ์จุฬาลงกรณ์มหาวิทยาลัย,^c2566
300    ^a124 หน้า :^bภาพประกอบ ;^c26 ซม.
650  4 ^aการพยาบาลกุมารเวชศาสตร์
650  4 ^aเด็ก, โรค^xการพยาบาล
650  4 ^aมะเร็งในเด็ก
650  4 ^aมะเร็งในเด็ก^xการพยาบาล
945    ^p240^l0^i30143
945    ^p240^l0^i30144
995    ^aัณชพร
999    ^aกัณชพร
รายการนี้ยังไม่มีแท็ก
คุณยังไม่ได้ล็อกอิน คุณสามารถมีกิจกรรมร่วมกับเว็บไซต์ได้ แต่ต้องล็อกอินก่อน ::
  ล็อกอิน

รายการสื่อสารสนเทศ

ลำดับที่ ประเภท เลขเรียก/บาร์โค้ด สถานที่ สถานะ
1. วิทยาศาสตร์การแพทย์ และสุขภาพ
วิทยาศาสตร์การแพทย์ และสุขภาพ
WY159 จ337ก ฉ.1 
  Barcode: 30143
ห้องสมุดวิทยาเขตนครสวรรค์
►หนังสือทั่วไป:l:General Books
บนชั้น
2. วิทยาศาสตร์การแพทย์ และสุขภาพ
วิทยาศาสตร์การแพทย์ และสุขภาพ
WY159 จ337ก ฉ.2 
  Barcode: 30144
ห้องสมุดวิทยาเขตนครสวรรค์
►หนังสือทั่วไป:l:General Books
บนชั้น

รายการใกล้เคียง
    ผู้แต่ง [จารุวรรณ สนองญาติ]

    หัวเรื่อง [การพยาบาลกุมารเวชศาสตร์]
    หัวเรื่อง [มะเร็งในเด็ก]

BibComment


ยังไม่เคยถูกคอมเมนท์

คอมเมนท์ทรัพยากรรายการนี้
  คอมเมนท์: การพยาบาลเด็กโรค..


 Copyright 2026. Bcnsprnw @Library